000 00332nam a22001337a 4500
008 170524b xxu||||| |||| 00| 0 eng d
020 _a0316895539
041 _aeng
080 _a621
100 _a26
101 _aIM
245 _aRENAL DYSFUNCTION: MECHANISMS INVOLVED IN FLUID AND SOLUTE IMBALANCE
_cVALTIN,H
942 _2udc
_cBK
999 _c14113
_d14113